000 00903nam a22002897a 4500
001 7443
003 FISKH
005 20250716094808.0
008 250716b cb ||||| |||| 00| 0 eng d
020 _a076645060068
040 _aFISKH
_beng
_cFISKH
_dFISKH
050 _aCB074
082 _a 428.6
100 _aGregorich, Barbara
245 _aJog, frog, jog :
_bA start-to-read book! /
_cby Barbara Gregorich ; Illustrated by Mary Sullivan
260 _aMichigan :
_bSchool Zone,
_c1819.
300 _a16 pages :
_bcolor illustrations ;
_c23 cm
490 _aTeaching your child to read :
_vLevel 1
505 _aE
520 _aThe frog's jogging skills come in handy when he is chased by the dog.
521 8 _a200
_bLexile estimate
521 8 _aE
_bRaz-Plus
650 _aFrogs
_vFiction
700 _aSullivan, Mary
_eillustrator
942 _2ddc
_cBK
_n0
999 _c7443
_d7443